000 00522nam a22001932 4500
001 0000006012
005 20170406121149.0
008 150706s xx 000 0 eng d
020 _c$
040 _aYour Holding Symbol
_cYour Holding Symbol
100 1 _aHawkins,Peter.
245 1 0 _aIntroducing phonology.
250 _a ed.
260 _alondon :
_broutledge,
_c1984.
300 _a326 p. ;
_c cm.
504 _aindex.
650 0 _agrammer
_xcomparative and general phonology.
908 _a150706
999 _c5771
_d5771